000 00796nam a2200205Ii 4500
003 JO-AjNU
008 230605s9999||||xx |||||||||||||| ||und||
017 _a1993/12/1351
040 _aJO-AjNU
_bara
_erda
_cJO-AjNU
041 _aara
050 1 4 _aDS154.16 P19.U4286 1993
100 3 _aتاليف العمري، عمر صالح,
_eauthor
_949518
245 0 0 _aالأردن ومشاريع القضية الفلسطينة في عهد الملك عبدالله بن الحسين(1936-1948)
264 3 1 _aعمان: المؤلف، 1993
300 _a312ص
_bيشتمل على ملاحق من ص(295-312)
336 _atext
_btxt
_2rdacontent
337 _aunmediated
_bn
_2rdamedia
338 _avolume
_bnc
_2rdacarrier
650 4 _aالسياسو الدولية-مشاريع السلام
_949519
999 _aA21754
_c25322
_d25322